000 00538 a2200169 4500
999 _c5055
_d5055
020 _a9780750532808
050 _aPS3607 GRI 2009
100 _aGriffiths, Sharon
_eauthor
245 _aThe lost guide to life and love /
_cSharon Griffiths
264 _aNorth Yorkshire :
_bMagna Large Print Books,
_c2009.
300 _a442p. :
500 _aFiction
650 _aWomen food writers -- Fiction.
650 _aWomen food writers -- Genealogy -- Fiction.
650 _aPennine Chain (England) -- Fiction.
942 _2lcc
_cBK
_h3607
_iGRI
_kPS